Statistiques concernant Pokémon groupe d'Œuf-Humanoïde

Cliquez ici pour prendre le quiz!

Statistiques générales

  • Ce quiz a été pris 24 fois
  • Le résultat moyen est 29 sur 70

Statistiques - réponses

Deuxième
Groupe d'Œuf
Pokémon% Correct
TerrestreSimiabraz
83%
Abra
67%
Alakazam
67%
Élektek
67%
Kadabra
67%
Machoc
67%
Machopeur
67%
Mackogneur
67%
Magmar
67%
M.Mime
67%
TerrestreOuisticram
67%
Bétochef
50%
AérienBrutalibré
50%
Charpenti
50%
TerrestreChimpenfeu
50%
Élekable
50%
AmorpheGardevoir
50%
Hypnomade
50%
Kapoera
50%
Kicklee
50%
AmorpheKirlia
50%
Lippoutou
50%
InsectoïdeLumivole
50%
Maganon
50%
Mesmérella
50%
InsectoïdeMuciole
50%
Ouvrifier
50%
TerrestrePandarbare
50%
TerrestrePandespiègle
50%
Scrutella
50%
Sidérella
50%
Soporifik
50%
AmorpheTarsal
50%
Tygnon
50%
FéeriqueAngoliath
33%
VégétalCacnea
33%
VégétalCacturne
33%
Charmina
33%
FéeriqueFourbelin
33%
AmorpheGallame
33%
FéeriqueGrimalin
33%
Hariyama
33%
Judokrak
33%
Karaclée
33%
TerrestreKungfouine
33%
Lewsor
33%
Makuhita
33%
Méditikka
33%
M.Glaquette
33%
Neitram
33%
Scalpion
33%
Scalproie
33%
TerrestreShaofouine
33%
TerrestreSpinda
33%
Ténéfix
33%
Carmadura
17%
Charbambin
17%
Coatox
17%
Cradopaud
17%
TerrestreFlambino
17%
Aquatique 1Krakos
17%
TerrestreLaporeille
17%
TerrestreLapyro
17%
TerrestreLockpin
17%
TerrestreLucario
17%
Malvalame
17%
Aquatique 1Poulpaf
17%
TerrestrePyrobut
17%
Salarsen
17%
Scalpereur
17%

Distribution des résultats

Percentile par nombre de réponses

% des personnes avec chaque résultat

Votre développement - résultats

Vous n’avez pas pris ce quiz